000 00668nam a2200205 i 4500
001 99090
003 ES-MaACL
005 20230906182434.0
007 t|
008 051121s1966 pr ||||1| spa d
080 _a929 Oliver Frau, Antonio
080 _a821.13.4.2(729.5) Oliver Frau, Antonio 1.06
100 1 _aVázquez de Rivera, Margarita.
_9113429
245 1 0 _aAntonio Oliver Frau
_b: vida y obra /
_cMargarita Vázquez de Rivera.
250 _a1ª ed.
260 _aSan Juan de Puerto Rico :
_bCoquí,
_c1966.
300 _a160 p., 1 lám. ;
_c23 cm.
600 1 4 _aOliver Frau, Antonio-
_xCrítica e interpretación.
_986837
852 _aES-MaACL
_jE-11060
999 _c99090
_d99090